[Event "BAFDAG"]
[Site "SchemingMind.com"]
[Date "2021.11.26"]
[Round "-"]
[White "Arnold Jones"]
[Black "Kenny Elliott"]
[Result "0-1"]
[WhiteCountry "ENG"]
[BlackCountry "USA"]
[WhiteElo "1478"]
[WhiteRD "66"]
[BlackElo "1541"]
[BlackRD "67"]
[GameID "717709"]

1. d4 Nf6 2. c4 d6 3. Nc3 g6 4. e4 Bg7 5. Be2 O-O 6. e5 dxe5 7. d5 e4 8. Be3 Nbd7 9. f4 exf3 10. Nxf3 Ng4
11. Qd2 Nxe3 12. Qxe3 Nb6 13. Ne5 Bxe5 14. Qxe5 f6 15. Qg3 Bf5 16. O-O Qd6 17. Qf3 Qc5+ 18. Qf2 Qb4 19. Qd4 Qxb2 20. c5 Nxd5
21. Qxd5+ e6 22. Qc4 c6 23. Rxf5 gxf5 24. Rb1 Qd2 25. Qxe6+ Kh8 26. Qb3 Rfe8 27. Kf1 Qf4+ 28. Kg1 Qd4+ 29. Kf1 Qxc5 30. Bd3 Qe3
31. Ne2 Rad8 32. Rd1 f4 33. Qc3 Rd6 34. Nc1 f3 35. g3 f2 36. Qd2 Qf3 37. Ne2 Rg8 38. Qf4 Qh1+ 39. Kxf2 Qxh2+ 40. Kf3 Qh5+
41. Kf2 Qc5+ 42. Kf1 Rgd8 43. Qf3 Qa3 44. Nc1 c5 45. Qxb7 R6d7 46. Qb3 Qa5 47. Bc2 Qa6+ 48. Kg2 Rxd1 49. Bxd1 Qc6+ 50. Kg1 c4
51. Qc2 Qc5+ 52. Kh2 Qd4 53. Be2 Qf2+ 54. Kh3 Rg8 55. Qc3 Rg6 56. Bxc4 Rh6+ 57. Kg4 Rg6+ 58. Kh3 Qg1 59. Bd5 Qf1+ 60. Kh4 Qf5
61. Qxf6+ Qxf6+ 62. Kh3 Qf5+
0-1

[Event "BAFDAG"]
[Site "SchemingMind.com"]
[Date "2021.11.25"]
[Round "-"]
[White "Derek Price"]
[Black "Kenny Elliott"]
[Result "1-0"]
[WhiteCountry "ENG"]
[BlackCountry "USA"]
[WhiteElo "2265"]
[WhiteRD "69"]
[BlackElo "1551"]
[BlackRD "71"]
[GameID "717710"]

1. c4 c5 2. Nf3 Nf6 3. Nc3 g6 4. d4 cxd4 5. Nxd4 Bg7 6. e4 d6 7. Be2 O-O 8. Be3 e5 9. Ndb5 Ne8 10. Nxa7 Nc6
11. Nxc8 Qxc8 12. O-O Qd8 13. a4 Nc7 14. Bb6 Rc8 15. Nd5 Nd4 16. Nxc7 Rxc7 17. Bd3 Qd7 18. Bxc7 Qxc7 19. b4 Ra8 20. a5 Bf8
21. Qa4 Ne6 22. Rfb1 Nf4 23. Bf1 Qc8 24. g3 Nh3+ 25. Bxh3 Qxh3 26. Qb5 Rb8 27. a6 Qc8 28. a7 Ra8 29. Qd5 h5 30. b5 h4
31. Rb3 hxg3 32. Rxg3 Qd7 33. Rxg6+ Kh8 34. Rg2
1-0

[Event "BAFDAG"]
[Site "SchemingMind.com"]
[Date "2021.11.26"]
[Round "-"]
[White "Arnold Jones"]
[Black "Derek Price"]
[Result "0-1"]
[WhiteCountry "ENG"]
[BlackCountry "ENG"]
[WhiteElo "1477"]
[WhiteRD "64"]
[BlackElo "2265"]
[BlackRD "69"]
[GameID "717711"]

1. e4 c5 2. Nc3 Nc6 3. Nf3 d6 4. Bb5 Bd7 5. d4 cxd4 6. Nxd4 Nf6 7. Be3 a6 8. Be2 Rc8 9. Nb3 e6 10. a3 Be7
11. O-O O-O 12. f4 e5 13. f5 Na5 14. Nxa5 Qxa5 15. b4 Qc7 16. Nd5 Nxd5 17. exd5 Qxc2 18. Qxc2 Rxc2 19. Bd1 Rcc8 20. a4 Rc3
21. Bc1 Rfc8 22. Bb2 R3c7 23. g4 Bg5 24. b5 axb5 25. a5 b4 26. Rf3 Rc4 27. Rb3 h6 28. a6 bxa6 29. Be2 Re4 30. Bf3 Re3
31. Rxe3 Bxe3+ 32. Kf1 Rc2 33. Rb1 Rf2+ 34. Ke1 Rxf3 35. Ke2 e4 36. Kd1 Rf1+ 37. Ke2 Rxb1 38. Kxe3 Rxb2 39. Kxe4 Rxh2
0-1

[Event "BAFDAG"]
[Site "SchemingMind.com"]
[Date "2021.11.23"]
[Round "-"]
[White "Kenny Elliott"]
[Black "The Stonewall"]
[Result "0-1"]
[WhiteCountry "USA"]
[BlackCountry "ENG"]
[WhiteElo "1541"]
[WhiteRD "67"]
[BlackElo "2302"]
[BlackRD "72"]
[GameID "717713"]

1. d4 Nf6 2. c4 c5 3. Nf3 cxd4 4. Nxd4 e5 5. Nb3 Nc6 6. Bg5 Bb4+ 7. N1d2 h6 8. Bh4 O-O 9. e3 a5 10. a3 Be7
11. Be2 d5 12. O-O a4 13. Nc1 d4 14. exd4 Qxd4 15. Bxf6 Bxf6 16. Nf3 Qxb2 17. Nd3 Qc3 18. Ndxe5 Nxe5 19. Nxe5 Qxe5 20. Rb1 Ra5
21. Bf3 Be6 22. Bxb7 Bxc4 23. Re1 Rd8 24. Qc1 Qc5 25. Bf3 Ba2 26. Qxc5 Rxc5 27. Rb4 Bc3 28. Rc1 Bxb4
0-1

[Event "BAFDAG"]
[Site "SchemingMind.com"]
[Date "2021.11.27"]
[Round "-"]
[White "Derek Price"]
[Black "The Stonewall"]
[Result "1/2-1/2"]
[WhiteCountry "ENG"]
[BlackCountry "ENG"]
[WhiteElo "2334"]
[WhiteRD "74"]
[BlackElo "2297"]
[BlackRD "75"]
[GameID "717714"]

1. c4 f5 2. g3 Nf6 3. Bg2 e5 4. Nc3 d6 5. d3 Be7 6. Nf3 O-O 7. O-O Qe8 8. d4 e4 9. Ne1 Qf7 10. d5 Nbd7
11. f3 exf3 12. exf3 Nb6 13. b3 Bd7 14. a4 Rae8 15. a5 Nc8 16. Qd3 Bd8 17. a6 b5 18. Nxb5 Bxb5 19. cxb5 Nb6 20. Nc2 Nfxd5
21. f4 Bf6 22. Ra3 Nc3 23. Be3 Ne4 24. Nb4 Re6 25. Bxb6 cxb6 26. Nd5 Rfe8 27. Ra2 Bd8 28. Rc2 h5 29. Bf3 h4 30. g4 fxg4
31. Bxg4 Rg6 32. Rg2 Nc5 33. Qd1 Ne4 34. h3 Ng3 35. Rff2 Rh6 36. Rc2 Nh5 37. Rc4 Kh8 38. Qd3 Nf6 39. Bf3 Nh5 40. Kh2 Ng3
41. Rg1 Qd7 42. Rc2=
1/2-1/2

[Event "BAFDAG"]
[Site "SchemingMind.com"]
[Date "2021.11.27"]
[Round "-"]
[White "David Perna-Fraser"]
[Black "The Stonewall"]
[Result "1-0"]
[WhiteCountry "CAN"]
[BlackCountry "ENG"]
[WhiteElo "2178"]
[WhiteRD "86"]
[BlackElo "2319"]
[BlackRD "73"]
[GameID "717715"]

1. e4 Nc6 2. d4 d5 3. e5 Bf5 4. c3 e6 5. Nd2 a6 6. h4 f6 7. g4 Bg6 8. h5 Bf7 9. f4 Qd7 10. Bd3 O-O-O
11. b4 Nh6 12. Nb3 Na7 13. a4 Kb8 14. Nh3 Qe8 15. Nf2 Qc6 16. Bd2 fxe5 17. fxe5 Be8 18. O-O Be7 19. Qe2 Qb6 20. Rfb1 Bd7
21. b5 axb5 22. axb5 Bxb5 23. Bxb5 Nxb5 24. Nc5 c6 25. Nxe6 Nf7 26. Nxd8 Rxd8 27. Nd3 Qc7 28. Rf1 Ng5 29. Bxg5 Bxg5 30. Nc5 Qe7
31. e6 Qd6 32. Nd7+ Kc7 33. Rf7 Qg3+ 34. Qg2 Qd6 35. Rxg7 h6 36. Nc5+ Be7 37. g5 b6 38. Nd3 Kb7 39. gxh6 Nc7 40. h7 Nxe6
41. Rg8 Bf6 42. Rxd8 Nxd8 43. Qg8 Bh8 44. Nf2 Qf6 45. Qe8 Kb8 46. Qe5+
1-0

[Event "BAFDAG"]
[Site "SchemingMind.com"]
[Date "2021.11.23"]
[Round "-"]
[White "The Stonewall"]
[Black "JAHI"]
[Result "1/2-1/2"]
[WhiteCountry "ENG"]
[BlackCountry "INT"]
[WhiteElo "2288"]
[WhiteRD "71"]
[BlackElo "2138"]
[BlackRD "64"]
[GameID "717716"]

1. e4 c6 2. Bc4 c5 3. Nf3 Nc6 4. d4 d6 5. dxc5 Qa5+ 6. Nc3 Qxc5 7. Qd3 g6 8. Nd5 Qa5+ 9. Bd2 Qd8= 10. Qc3 Nf6
11. Nxf6+ exf6 12. Bd5 Bd7 13. Qb3 Qe7 14. Qxb7 Rb8 15. Qa6 Rb6 16. Qc4 Nd8 17. Rb1 Bg7 18. Be3 Rb8 19. O-O Ne6 20. Qa6 Bb5
21. Qxa7 Qxa7 22. Bxa7 Rc8 23. Rfe1 Ke7 24. b4 h6 25. a4 Bxa4 26. b5 Bxc2 27. Rbc1 f5 28. exf5 gxf5 29. b6 Bb2 30. b7 Bxc1
31. bxc8=Q Rxc8 32. Rxc1 Nf4 33. Nd4 Nxd5 34. Rxc2 Rxc2 35. Nxc2 Ke6 36. Bd4 h5 37. Kf1 Nf4 38. Ba1 Ng6 39. Nd4+ Ke5 40. Nb5+ Ke6
41. Nc7+ Kd7 42. Nd5 Ke6 43. Nf6 h4 44. Nh5 Kd7 45. Ke2 Kc6 46. Ke3 Kd7 47. Bf6 Kc6 48. f4 d5 49. h3 Kd6 50. Ng7 Kd7
51. Bc3 Ke7 52. Nxf5+ Ke6 53. Be1 Kxf5 54. g4+ hxg3 55. Bxg3 f6 56. Kd4 Nxf4 57. Bxf4 Kxf4 58. Kxd5 f5=
1/2-1/2

[Event "BAFDAG"]
[Site "SchemingMind.com"]
[Date "2021.11.26"]
[Round "-"]
[White "The Stonewall"]
[Black "Arnold Jones"]
[Result "1-0"]
[WhiteCountry "ENG"]
[BlackCountry "ENG"]
[WhiteElo "2391"]
[WhiteRD "75"]
[BlackElo "1477"]
[BlackRD "64"]
[GameID "717717"]

1. Nf3 c5 2. c4 Nc6 3. d4 Nxd4 4. Nxd4 cxd4 5. Qxd4 Nf6 6. Bd2 d5 7. cxd5 Be6 8. e4 Qd7 9. Be3 Bg4 10. f3 Bh5
11. Nc3 Qd8 12. e5 Nd7 13. e6 fxe6 14. dxe6
1-0

[Event "BAFDAG"]
[Site "SchemingMind.com"]
[Date "2021.11.23"]
[Round "-"]
[White "Kenny Elliott"]
[Black "aperturaf"]
[Result "0-1"]
[WhiteCountry "USA"]
[BlackCountry "ESP"]
[WhiteElo "1512"]
[WhiteRD "71"]
[BlackElo "2390"]
[BlackRD "86"]
[GameID "717719"]

1. d4 f5 2. c4 Nf6 3. Nc3 e6 4. Nf3 Bb4 5. Bd2 O-O 6. g3 b6 7. Bg2 Bb7 8. O-O Bxc3 9. Bxc3 Be4 10. Nd2 Bxg2
11. Kxg2 d6 12. Nf3 Ne4 13. Nd2 Nxc3 14. bxc3 Qe8 15. e3 Nd7 16. Nb3 e5 17. Kg1 g6 18. Re1 Nf6 19. f4 Qe6 20. e4 fxe4
21. d5 Qh3 22. Qc2 Rae8 23. Qg2 Qxg2+ 24. Kxg2 exf4 25. gxf4 Nh5 26. f5 Nf4+ 27. Kh1 gxf5 28. Rg1+ Kh8 29. Nd4 Nd3 30. Ne6 Rf7
31. Rg3 f4 32. Rg5 e3 33. Rag1 f3 34. Ng7 Nf2#
0-1

[Event "BAFDAG"]
[Site "SchemingMind.com"]
[Date "2021.11.25"]
[Round "-"]
[White "Derek Price"]
[Black "aperturaf"]
[Result "1/2-1/2"]
[WhiteCountry "ENG"]
[BlackCountry "ESP"]
[WhiteElo "2352"]
[WhiteRD "69"]
[BlackElo "2314"]
[BlackRD "83"]
[GameID "717720"]

1. c4 e6 2. g3 f5 3. Bg2 Nf6 4. Nc3 Be7 5. Nf3 O-O 6. O-O d5 7. d4 c6 8. b3 Ne4 9. Bb2 Nd7 10. Qc2 Qe8
11. Ne1 Ndf6 12. Nd3 b6 13. e3 Nxc3 14. Qxc3 a5 15. a4 Ba6 16. Rfd1 Ne4 17. Qc2 Rc8 18. Ba3 Bxa3 19. Rxa3 c5 20. Ne5 Qe7
21. Raa1 Bb7 22. Rac1 cxd4 23. exd4 f4 24. Re1 fxg3 25. fxg3 Rf2 26. Re2 Rf6 27. Qd3 Nd6 28. Bh3 Rcf8 29. c5 bxc5 30. dxc5 Nf7
31. Qc3 Nxe5 32. Rxe5 Rh6 33. Bg2 Qc7 34. Qe3 Bc8 35. Qd4 Rhf6 36. Re2 h5 37. c6 h4 38. Qxh4 Qb6+ 39. Kh1 Rh6 40. Qg5 Qxb3
41. Qe3 Qxa4 42. Rb2 Ba6 43. c7 Bc8 44. Qc5 Qg4 45. Qe3 Rg6 46. Rb8 Rgf6 47. h3 Qg6 48. Kh2 Qf7 49. Rc2 Qd7 50. Qc5 Rf5
51. Qd4 R5f7 52. Ra8 Qd6 53. Qc3 d4 54. Qd3 Rf5 55. Rc6 Qe5 56. Rc2 Qd6 57. h4=
1/2-1/2

[Event "BAFDAG"]
[Site "SchemingMind.com"]
[Date "2021.11.24"]
[Round "-"]
[White "aperturaf"]
[Black "The Stonewall"]
[Result "0-1"]
[WhiteCountry "ESP"]
[BlackCountry "ENG"]
[WhiteElo "2205"]
[WhiteRD "85"]
[BlackElo "2328"]
[BlackRD "75"]
[GameID "717721"]

1. e4 e5 2. Nf3 Nf6 3. Nxe5 d6 4. Nf3 Nxe4 5. d4 d5 6. Bd3 Bd6 7. O-O O-O 8. c4 c6 9. Re1 Bf5 10. Qb3 Qd7
11. Nc3 Nxc3 12. Bxf5 Qxf5 13. bxc3 b6 14. h3 Nd7 15. cxd5 cxd5 16. Ba3 Bxa3 17. Qxa3 Nf6 18. Re5 Qc8 19. Rae1 Ne4 20. Re3 Qc6
21. Re7 f6 22. Nh4 f5 23. Nf3 f4 24. Re2 a5 25. Qb2 Rac8 26. Ne5 Qd6 27. Rd7 Qe6 28. Rb7 b5 29. Re1 Nxc3 30. Nf3 Qf6
31. Ree7 b4 32. a3 Rb8 33. axb4 Rxb7 34. Rxb7 axb4 35. Qxb4 Ne4 36. Qb5 Qd8 37. Ne5 Nf6 38. Qa6 Re8 39. Qa7 Nh5
0-1

[Event "BAFDAG"]
[Site "SchemingMind.com"]
[Date "2021.11.25"]
[Round "-"]
[White "private napoleon"]
[Black "aperturaf"]
[Result "0-1"]
[WhiteCountry "ENG"]
[BlackCountry "ESP"]
[WhiteElo "1725"]
[WhiteRD "84"]
[BlackElo "2383"]
[BlackRD "83"]
[GameID "717722"]

1. e4 e5 2. Nc3 Nf6 3. f4 d5 4. fxe5 Nxe4 5. Nf3 Be7 6. d3 Nxc3 7. bxc3 O-O 8. d4 c5 9. Bd3 Nc6 10. h4 Bg4
11. Bxh7+ Kh8 12. Bd3 cxd4 13. cxd4 Nxd4 14. c3 Nxf3+ 15. gxf3 Bh5 16. Bf4 Rc8 17. Rc1 f6 18. e6 Rc6 19. Rg1 Bc5 20. Rg2 Rxe6+
21. Kf1 Rfe8 22. Qd2 Bxf3 23. Rg3 Bh5 24. Bh6 g5 25. Bxg5 fxg5 26. Rxg5 Qf6+ 27. Bf5 Bg4 28. Rxg4 Qxf5+ 29. Rf4 Qh3+ 30. Qg2 Qd3+
0-1

[Event "BAFDAG"]
[Site "SchemingMind.com"]
[Date "2021.11.22"]
[Round "-"]
[White "lawyertheologian"]
[Black "aperturaf"]
[Result "0-1"]
[WhiteCountry "USA"]
[BlackCountry "ESP"]
[WhiteElo "2027"]
[WhiteRD "87"]
[BlackElo "2390"]
[BlackRD "86"]
[GameID "717723"]

1. e4 e6 2. d4 d5 3. Nc3 Nf6 4. Bg5 Bb4 5. e5 h6 6. Be3 Ne4 7. Qg4 g6 8. a3 Bxc3+ 9. bxc3 c5 10. Bd3 h5
11. Qf4 g5 12. Qf3 Nxc3 13. Ne2 Nxe2 14. Bxe2 cxd4 15. Bxd4 b6 16. Qb3 Bd7 17. O-O Nc6 18. c3 g4 19. f4 Rc8 20. Rac1 Rc7
21. f5 Qg5 22. Rce1 Nxd4 23. cxd4 Qd2 24. fxe6 Qxd4+ 25. Kh1 Bxe6 26. Bb5+ Kd8 27. Rd1 Rc3 28. Qb2 Qc5 29. Qd2 Kc7 30. a4 h4
31. a5 Rc2 32. Qd3 h3 33. Rg1 g3 34. axb6+ axb6
0-1

[Event "BAFDAG"]
[Site "SchemingMind.com"]
[Date "2021.11.27"]
[Round "-"]
[White "David Perna-Fraser"]
[Black "aperturaf"]
[Result "1-0"]
[WhiteCountry "CAN"]
[BlackCountry "ESP"]
[WhiteElo "2154"]
[WhiteRD "85"]
[BlackElo "2205"]
[BlackRD "85"]
[GameID "717724"]

1. d4 f5 2. g3 Nf6 3. Bg2 e6 4. Nf3 d5 5. c4 c6 6. O-O Bd6 7. Bg5 O-O 8. c5 Bc7 9. Nc3 h6 10. Bf4 Bxf4
11. gxf4 b6 12. b4 Nbd7 13. a4 Ne4 14. Qc2 bxc5 15. bxc5 Ba6 16. Rfb1 g5 17. fxg5 hxg5 18. e3 g4 19. Nd2 Qh4 20. Ndxe4 fxe4
21. Nxe4 dxe4 22. Bxe4 Rf6 23. Bxc6 Raf8 24. Rb2 Kh8 25. Bxd7 Rh6 26. Bb5 Qxh2+ 27. Kf1 g3 28. Bxa6 gxf2 29. Qe4
1-0

[Event "BAFDAG"]
[Site "SchemingMind.com"]
[Date "2021.11.23"]
[Round "-"]
[White "aperturaf"]
[Black "JAHI"]
[Result "0-1"]
[WhiteCountry "ESP"]
[BlackCountry "INT"]
[WhiteElo "2205"]
[WhiteRD "85"]
[BlackElo "2171"]
[BlackRD "69"]
[GameID "717725"]

1. e4 c6 2. d4 g6 3. Nc3 Bg7 4. Nf3 d6 5. Be3 Bg4 6. h3 Bxf3 7. Qxf3 Nd7 8. O-O-O h6 9. g4 h5 10. Bc4 e6
11. Bb3 Ne7 12. d5 exd5 13. exd5 c5 14. Rhe1 Kf8 15. Bg5 Ne5 16. Qg3 f6 17. Rxe5 fxe5 18. Ne4 Qc7 19. Qf3+ Kg8 20. Nf6+ Bxf6
21. Qxf6 Nc8 22. Qxg6+ Qg7 23. Qe6+ Qf7 24. Bf6 Rh7 25. gxh5 Kf8 26. Rg1 Qxe6 27. dxe6 Ne7 28. h6 c4 29. Bxc4 d5 30. Bg7+ Ke8
31. Bb5+ Kd8 32. f3 e4 33. fxe4 dxe4 34. Rd1+ Kc7 35. Rd7+ Kb6 36. Be2 Nf5 37. Bg4 Nxg7 38. hxg7 Rg8 39. e7 Rhxg7 40. e8=Q Rxe8
41. Rxg7 Rf8 42. Re7 a6 43. Rxe4 Rh8 44. Kd2 Rh7 45. Ke3 Kc5 46. Kf4 b6 47. Kg3 a5 48. h4 Kd5 49. Re8 Kd6 50. Re6+ Kd5
51. Rxb6 Kc5 52. Ra6 Rb7 53. b3 Rh7 54. Rxa5+ Kb4 55. Ra4+ Kc5 56. Bf5 Rh8 57. Kg4 Rg8+ 58. Kf4 Kd6
0-1

[Event "BAFDAG"]
[Site "SchemingMind.com"]
[Date "2021.11.26"]
[Round "-"]
[White "aperturaf"]
[Black "Arnold Jones"]
[Result "1-0"]
[WhiteCountry "ESP"]
[BlackCountry "ENG"]
[WhiteElo "2399"]
[WhiteRD "107"]
[BlackElo "1478"]
[BlackRD "66"]
[GameID "717726"]

1. e4 c5 2. Nf3 e6 3. d4 d5 4. Nbd2 Bd7 5. dxc5 Nc6 6. exd5 exd5 7. Nb3 Bxc5 8. Nxc5 Qa5+ 9. c3 Qxc5 10. Bd3 O-O-O
11. O-O f5 12. b4 Qxc3 13. Rb1 Nxb4 14. Rb3 Qxb3 15. Qxb3 Nxd3 16. Qxd3 Nf6 17. Bf4 Be6 18. Qc2+ Kd7 19. Qc7+ Ke8 20. Re1 Ne4
21. Bg5 Rc8 22. Qe7#
1-0

[Event "BAFDAG"]
[Site "SchemingMind.com"]
[Date "2021.11.22"]
[Round "-"]
[White "aperturaf"]
[Black "Nattybridge"]
[Result "1-0"]
[WhiteCountry "ESP"]
[BlackCountry "ENG"]
[WhiteElo "2383"]
[WhiteRD "83"]
[BlackElo "2003"]
[BlackRD "84"]
[GameID "717728"]

1. e4 c6 2. d4 d5 3. e5 Bf5 4. Nf3 e6 5. Be2 c5 6. c3 Nc6 7. O-O cxd4 8. cxd4 Nge7 9. a3 Nc8 10. Qb3 Nb6
11. a4 Qc7 12. Be3 Be7 13. a5 Nd7 14. a6 bxa6 15. Rc1 O-O 16. Qa4 Ndb8 17. Nbd2 Rc8 18. Nb3 Qb6 19. Bd2 Rc7 20. Na5 h6
21. b4 Bf8 22. Nb3 Rb7 23. Nc5 Rc7 24. Bc3 Be7 25. Bf1 Bf8 26. Nd2 Be7 27. Ndb3 Bg5 28. Re1 Bc2 29. g3 Bxb3 30. Nxb3 a5
31. b5 Nb4 32. Nc5 Rxc5 33. dxc5 Qxc5 34. Rac1 Bxc1 35. Rxc1 Nd7 36. Qxa5 Nxe5 37. Qxb4 Qxb4 38. Bxb4 Nc4 39. Bc3 Rb8 40. Rb1 Na3
41. Rb3 Nc4 42. f4 Nb6 43. Bd4 Kf8 44. Ra3 Nc4 45. Rxa7 Rxb5 46. Ra8+
1-0

[Event "BAFDAG"]
[Site "SchemingMind.com"]
[Date "2021.11.23"]
[Round "-"]
[White "mmccaffe"]
[Black "Kenny Elliott"]
[Result "1-0"]
[WhiteCountry "USA"]
[BlackCountry "USA"]
[WhiteElo "1689"]
[WhiteRD "88"]
[BlackElo "1551"]
[BlackRD "71"]
[GameID "717729"]

1. e4 c5 2. Nc3 d6 3. g3 Nf6 4. Bg2 g6 5. Nge2 Bg7 6. O-O O-O 7. d3 e5 8. f4 Bg4 9. h3 Bxe2 10. Qxe2 Nc6
11. f5 Nd4 12. Qf2 b5 13. g4 b4 14. Nd1 a5 15. g5 Nh5 16. f6 Bh8 17. Ne3 Ne6 18. Nd5 Nd4 19. Ne7+ Qxe7 20. fxe7 Rfe8
21. Qxf7#
1-0

[Event "BAFDAG"]
[Site "SchemingMind.com"]
[Date "2021.11.23"]
[Round "-"]
[White "mmccaffe"]
[Black "Derek Price"]
[Result "0-1"]
[WhiteCountry "USA"]
[BlackCountry "ENG"]
[WhiteElo "1596"]
[WhiteRD "82"]
[BlackElo "2255"]
[BlackRD "69"]
[GameID "717730"]

1. d4 d5 2. c4 c6 3. Nf3 Nf6 4. Nc3 e6 5. Bg5 h6 6. Bh4 dxc4 7. e4 g5 8. Bg3 b5 9. Be2 Bb7 10. h4 g4
11. Ne5 h5 12. O-O Nbd7 13. Qc2 Nxe5 14. Bxe5 Bg7 15. b3 cxb3 16. axb3 O-O 17. Rad1 Qe7 18. f3 Rad8 19. fxg4 Nxg4 20. Bxg4 Bxe5
21. Bxh5 Bxd4+ 22. Rxd4 Rxd4 23. Qf2 Rd3
0-1

[Event "BAFDAG"]
[Site "SchemingMind.com"]
[Date "2021.11.25"]
[Round "-"]
[White "The Stonewall"]
[Black "mmccaffe"]
[Result "1-0"]
[WhiteCountry "ENG"]
[BlackCountry "USA"]
[WhiteElo "2391"]
[WhiteRD "75"]
[BlackElo "1689"]
[BlackRD "88"]
[GameID "717731"]

1. d4 Nf6 2. c4 e6 3. Nc3 Bb4 4. f3 c5 5. d5 d6 6. e4 b5 7. Bg5 h6 8. Bf4 exd5 9. cxd5 Bxc3+ 10. bxc3 Nbd7
11. Bxd6
1-0

[Event "BAFDAG"]
[Site "SchemingMind.com"]
[Date "2021.11.22"]
[Round "-"]
[White "aperturaf"]
[Black "mmccaffe"]
[Result "1-0"]
[WhiteCountry "ESP"]
[BlackCountry "USA"]
[WhiteElo "2390"]
[WhiteRD "86"]
[BlackElo "1596"]
[BlackRD "82"]
[GameID "717732"]

1. e4 e5 2. f4 Bc5 3. Nf3 d6 4. c3 Bb6 5. d4 exd4 6. cxd4 Nf6 7. Nc3 O-O 8. e5 dxe5 9. fxe5 Nd5 10. Bg5 f6
11. Bc4 c6 12. exf6 gxf6 13. Be3
1-0

[Event "BAFDAG"]
[Site "SchemingMind.com"]
[Date "2021.11.23"]
[Round "-"]
[White "mmccaffe"]
[Black "private napoleon"]
[Result "0-1"]
[WhiteCountry "USA"]
[BlackCountry "ENG"]
[WhiteElo "1554"]
[WhiteRD "82"]
[BlackElo "1725"]
[BlackRD "84"]
[GameID "717733"]

1. d4 g6 2. c4 Bg7 3. Nc3 d6 4. e4 Nd7 5. f3 a5 6. Be3 c5 7. d5 Ngf6 8. Bd3 O-O 9. Nge2 b6 10. Qd2 Ne5
11. O-O-O Nxd3+ 12. Qxd3 Nd7 13. f4 a4 14. g4 a3 15. b3 Ba6 16. h4 Rb8 17. h5 Nf6 18. hxg6 fxg6
0-1

[Event "BAFDAG"]
[Site "SchemingMind.com"]
[Date "2021.11.22"]
[Round "-"]
[White "mmccaffe"]
[Black "lawyertheologian"]
[Result "0-1"]
[WhiteCountry "USA"]
[BlackCountry "USA"]
[WhiteElo "1596"]
[WhiteRD "82"]
[BlackElo "2027"]
[BlackRD "87"]
[GameID "717734"]

1. d4 f5 2. Bg5 g6 3. Nc3 Bg7 4. h4 h6 5. Bf4 Nf6 6. e3 O-O 7. Qf3 d6 8. Bc4+ e6 9. Nge2 Nc6 10. a3 Kh7
11. Bg5 e5 12. Bxf6 Bxf6 13. O-O-O Bg7 14. h5 g5 15. Bd3 e4 16. Nxe4 fxe4 17. Qxe4+ Bf5 18. Qxf5+ Rxf5 19. Bxf5+ Kh8 20. g4 b5
21. f4 b4 22. a4 b3 23. c3 Na5
0-1

[Event "BAFDAG"]
[Site "SchemingMind.com"]
[Date "2021.11.24"]
[Round "-"]
[White "mmccaffe"]
[Black "David Perna-Fraser"]
[Result "0-1"]
[WhiteCountry "USA"]
[BlackCountry "CAN"]
[WhiteElo "1551"]
[WhiteRD "87"]
[BlackElo "2051"]
[BlackRD "81"]
[GameID "717735"]

1. d4 Nf6 2. c4 e6 3. Nc3 Bb4 4. e3 Ne4 5. Qc2 f5 6. Bd3 O-O 7. Ne2 c5 8. a3 Bxc3+ 9. Nxc3 Nxc3 10. bxc3 b6
11. O-O Bb7 12. f3 Nc6 13. Bb2 g5 14. e4 Ne7 15. a4 a5 16. d5 Qe8 17. d6 Nc8 18. e5 Na7 19. g4 Nc6 20. gxf5 Nxe5
21. fxe6 Qxe6 22. Bxh7+ Kg7 23. Rae1 Nxf3+
0-1

[Event "BAFDAG"]
[Site "SchemingMind.com"]
[Date "2021.11.25"]
[Round "-"]
[White "JAHI"]
[Black "mmccaffe"]
[Result "1-0"]
[WhiteCountry "INT"]
[BlackCountry "USA"]
[WhiteElo "2070"]
[WhiteRD "70"]
[BlackElo "1554"]
[BlackRD "82"]
[GameID "717736"]

1. d3 Nf6 2. g3 g6 3. Bg2 Bg7 4. Kf1 O-O 5. h3 d6 6. h4 h5 7. f3 c5 8. f4 Nc6 9. Nc3 Ng4 10. e3 e5
11. Nh3 Re8 12. Qf3 Qe7 13. Nd5 Qd8 14. Nf2 exf4 15. Nxg4 Bxg4 16. Qxf4
1-0

[Event "BAFDAG"]
[Site "SchemingMind.com"]
[Date "2021.11.27"]
[Round "-"]
[White "Arnold Jones"]
[Black "mmccaffe"]
[Result "1-0"]
[WhiteCountry "ENG"]
[BlackCountry "USA"]
[WhiteElo "1477"]
[WhiteRD "64"]
[BlackElo "1689"]
[BlackRD "88"]
[GameID "717737"]

1. e4 c5 2. f4 Nc6 3. Nf3 d6 4. Bb5 g6 5. Bxc6+ bxc6 6. Nc3 Bg7 7. e5 Qc7 8. Qe2 d5 9. Na4 Qa5 10. b3 e6
11. c4 Ba6 12. Nb2 Ne7 13. O-O Bh6 14. Ne1 Nf5 15. Nc2 Rb8 16. Qf2 dxc4 17. bxc4 O-O 18. g4 Ne7 19. Qh4 Rxb2 20. Bxb2 Qxd2
21. Rf2
1-0

[Event "BAFDAG"]
[Site "SchemingMind.com"]
[Date "2021.11.25"]
[Round "-"]
[White "Nattybridge"]
[Black "mmccaffe"]
[Result "1-0"]
[WhiteCountry "ENG"]
[BlackCountry "USA"]
[WhiteElo "2005"]
[WhiteRD "79"]
[BlackElo "1596"]
[BlackRD "82"]
[GameID "717739"]

1. c4 c5 2. g3 Nc6 3. Bg2 g6 4. Nf3 Bg7 5. O-O Nf6 6. d4 cxd4 7. Nxd4 O-O 8. Nc3 Nxd4 9. Qxd4 d6 10. Qd3 a6
11. Bf4 Bf5 12. Qd2 Rb8 13. e4 Be6 14. Nd5 Nxd5 15. cxd5 Bd7 16. Be3 f5 17. Rab1 Qe8 18. Rfc1 fxe4 19. Bxe4 Bf5 20. Bxf5 Rxf5
21. Rc7
1-0

[Event "BAFDAG"]
[Site "SchemingMind.com"]
[Date "2021.11.23"]
[Round "-"]
[White "Kenny Elliott"]
[Black "Phillip Beckett"]
[Result "0-1"]
[WhiteCountry "USA"]
[BlackCountry "ENG"]
[WhiteElo "1551"]
[WhiteRD "71"]
[BlackElo "1468"]
[BlackRD "56"]
[GameID "717740"]

1. d4 d5 2. c4 e6 3. Nf3 Nf6 4. e3 Be7 5. Nc3 c6 6. cxd5 exd5 7. Be2 O-O 8. O-O Nbd7 9. Qc2 Re8 10. Bd3 Nf8
11. Re1 h6 12. h3 Be6 13. a4 Bd6 14. Bd2 a6 15. e4 dxe4 16. Nxe4 Nxe4 17. Bxe4 Qd7 18. Rad1 Rad8 19. Ba5 Rc8 20. Bb6 Bb4
21. Ne5 Qe7 22. Bc5 Bxc5 23. dxc5 Rcd8 24. Nf3 Rxd1 25. Rxd1 Bxh3 26. Bf5 Bxf5 27. Qxf5 Qe6 28. Qb1 Qf6 29. b4 Rd8 30. Re1 Ne6
31. Qc1 Nd4 32. Nxd4 Qxd4 33. Qb1 Qd3 34. Qxd3 Rxd3 35. Re8+ Kh7 36. Rb8 Rd7 37. g4 g6 38. Kg2 Kg7 39. f4 Kf6 40. Kg3 g5
41. fxg5+ Kxg5 42. Re8 Rd3+ 43. Kf2 Kxg4 44. Re7 Rb3 45. Rxb7 a5 46. Rxf7 Rxb4 47. Rf6 Rf4+ 48. Rxf4+ Kxf4 49. Ke2 h5
0-1

[Event "BAFDAG"]
[Site "SchemingMind.com"]
[Date "2021.11.23"]
[Round "-"]
[White "Derek Price"]
[Black "Phillip Beckett"]
[Result "1-0"]
[WhiteCountry "ENG"]
[BlackCountry "ENG"]
[WhiteElo "2265"]
[WhiteRD "69"]
[BlackElo "1468"]
[BlackRD "56"]
[GameID "717741"]

1. c4 Nf6 2. g3 e6 3. Bg2 d5 4. Nf3 Be7 5. O-O O-O 6. d4 c6 7. Qc2 Nbd7 8. Nbd2 Re8 9. e4 dxe4 10. Nxe4 Bf8
11. Nxf6+ Nxf6 12. Bf4 Nh5 13. Be3 Nf6 14. Rad1 Qb6 15. Rfe1 Bd7 16. Ne5 Rad8 17. g4 Bc8 18. g5 Nd7 19. Nxf7 Kxf7 20. Qxh7 Qc7
21. g6+ Ke7 22. Qg8 Nf6 23. Qf7+ Kd6 24. c5#
1-0

[Event "BAFDAG"]
[Site "SchemingMind.com"]
[Date "2021.11.22"]
[Round "-"]
[White "Phillip Beckett"]
[Black "The Stonewall"]
[Result "0-1"]
[WhiteCountry "ENG"]
[BlackCountry "ENG"]
[WhiteElo "1488"]
[WhiteRD "55"]
[BlackElo "2302"]
[BlackRD "72"]
[GameID "717742"]

1. d4 Nf6 2. e3 c5 3. c3 b6 4. Bd3 Bb7 5. Nf3 e6 6. O-O Be7 7. Nbd2 O-O 8. Qc2 d5 9. Re1 Qc7 10. Ne5 Rc8
11. f4 Ba6 12. Bxa6 Nxa6 13. Qd3 Nb8 14. e4 cxd4 15. cxd4 Qc2 16. Qxc2 Rxc2 17. exd5 Nxd5 18. Ne4 Nc6 19. Nxc6 Rxc6 20. Bd2 Rc4
21. Nc3 Rxd4 22. Be3 Nxe3 23. Rxe3 Rxf4 24. Rf1 Bc5 25. Re1 Bxe3+ 26. Rxe3 Rd8 27. g3 Rfd4 28. Kg2 Rd2+ 29. Re2 Rxe2+ 30. Nxe2 Rd2
31. Kf3 Rxb2
0-1